| 000 | 00767nam a2200217 4500 | ||
|---|---|---|---|
| 005 | 20240530110550.0 | ||
| 008 | 160702s2014 ua a f b 00| 0dara d | ||
| 017 |
_a2013/10516 _bمصر. دار الكتب المصرية |
||
| 020 | _a9772329151 | ||
| 040 | _aEG-CaGPL | ||
| 082 | 0 | 4 |
_a649.8/ _bم ت _221 |
| 100 | 0 | _aمحمد نجاتى محمد الغزالى | |
| 245 | 1 | 0 |
_aتغذية المعاقين / _cمحمد نجاتى محمد الغزالى. |
| 250 | _aط .1. | ||
| 260 |
_aالقاهرة : _bعالم الكتب _c2014. |
||
| 300 |
_a174 ص. : _bايض. ؛ _c24 سم. |
||
| 504 | _aببليوجرافية : ص. 163-165. | ||
| 650 | 0 | 4 |
_aالمعاقون _xرعاية وعلاج |
| 942 |
_2ddc _cBK |
||
| 999 |
_c62447 _d62447 |
||